|
|
|
|
| LEADER |
00000nam a22000007a 4500 |
| 008 |
170207b2005 cr a|||| |||| 00| | spa d |
| 999 |
|
|
|c 3387
|d 3387
|
| 090 |
|
|
|a 06.03. 06
|b 2050
|
| 110 |
2 |
|
|9 2309
|a Universidad Estatal a Distancia (Costa Rica)
|
| 245 |
1 |
0 |
|a Simposio Internacional de la Evaluación y Acreditación al Mejoramiento de la Calidad de la Educación Superior: relatorías /
|c Universidad Estatal a Distancia
|
| 260 |
|
|
|a San José, Costa Rica :
|b UNED,
|c 2005
|
| 300 |
|
|
|a xxxii, 107 páginas;
|b ilustraciones
|
| 650 |
1 |
4 |
|9 8
|a EDUCACIÓN SUPERIOR
|
| 650 |
1 |
4 |
|9 287
|a EVALUACIÓN
|
| 650 |
1 |
4 |
|9 1135
|a ACREDITACIÓN (EDUCACIÓN)
|
| 650 |
1 |
4 |
|9 11
|a CALIDAD DE LA EDUCACIÓN
|
| 650 |
1 |
4 |
|9 506
|a CONFERENCIA
|
| 651 |
|
4 |
|9 457
|a AMÉRICA CENTRAL
|
| 942 |
|
|
|i 004260
|h 06.03. 06 2050
|2 z
|c 01
|